000 00451nam a2200181Ia 4500
005 20250508151055.0
008 008 250505s9999 xx 000 0 eng d
037 _aTextual
040 _aFEDL
_beng
_cFEDL
041 _aeng
_2eng
084 _a741, BLA
_qFEDL
100 _aBlake Vernon
_9758338
245 0 _aArt and craft of drawing
260 _c1951
300 _a414p.
942 _cTEXL
_h741, BLA
999 _c1327425
_d1327425